Bonsai Techniques. (Record no. 348895)

000 -LEADER
fixed length control field 00400 a2200157 4500
020 ## - INTERNATIONAL STANDARD BOOK NUMBER
International Standard Book Number 9698906045
082 ## - DEWEY DECIMAL CLASSIFICATION NUMBER
Classification number 635.927
090 ## - LOCALLY ASSIGNED LC-TYPE CALL NUMBER (OCLC); LOCAL CALL NUMBER (RLIN)
-- 6536
-- 6536
100 ## - MAIN ENTRY--PERSONAL NAME
Personal name Hussain,Syed Mushtaq
245 ## - TITLE STATEMENT
Title Bonsai Techniques.
Statement of responsibility, etc. Pro.Dr.Syed Mushtaq Hussain
250 ## - EDITION STATEMENT
Edition statement 1st.
260 ## - PUBLICATION, DISTRIBUTION, ETC.
Place of publication, distribution, etc. Karachi.
Name of publisher, distributor, etc. Federal Urdu University.
Date of publication, distribution, etc. 2005
300 ## - PHYSICAL DESCRIPTION
Extent 192p.
500 ## - GENERAL NOTE
General note Hard cover
942 ## - ADDED ENTRY ELEMENTS (KOHA)
Institution code [OBSOLETE] NBS
Koha item type Book
Call number prefix 635.927 HUS
Holdings
Withdrawn status Lost status Damaged status Not for loan Permanent Location Current Location Date acquired Total Checkouts Full call number Barcode Date last seen Price effective from Koha item type Source of classification or shelving scheme Source of acquisition
        Central Library (CL) Central Library (CL) 08/28/2013   635.927 HUS NBSD-1813 08/28/2013 08/28/2013 Book    
        Central Library (CL) Central Library (CL) 04/11/2022   635.927 HUS CL-D-1618 04/11/2022 04/11/2022 Book   Donation
        Central Library (CL) Central Library (CL) 04/11/2022   635.927 HUS CL-D-1619 04/11/2022 04/11/2022 Book   Donation
© 2023 Central Library, National University of Sciences and Technology. All Rights Reserved.